000
00293nam a22001337a 4500
003
OSt
008
250116b |||||||| |||| 00| 0 eng d
041
_a
eng
100
_a
Hudson, Norman
_9
4056
245
_a
Soil Conservation
250
_a
2nd
260
_a
London:
_b
ELBS,
_c
1984.
942
_c
BK
999
_c
19038
_d
19038